[Event "Panama City Chess Rumble op"]
[Site "Panama City"]
[Date "2017.11.04"]
[Round "8"]
[White "Chaluja, Jose Antonio"]
[Black "Herrera Ortega, German"]
[Result "0-1"]
[WhiteElo "1829"]
[BlackElo "2089"]
[PlyCount "138"]
[EventDate "2017.11.04"]
[EventType "game (blitz)"]
[EventRounds "9"]
[EventCountry "PAN"]
[SourceTitle "CBM 181 Extra"]
[Source "ChessBase"]
[SourceDate "2017.12.12"]
[SourceVersion "1"]
[SourceVersionDate "2017.12.12"]
[SourceQuality "1"]

1. d4 f5 2. Bf4 Nf6 3. Nf3 d6 4. Nbd2 g6 5. e3 Bg7 6. Bd3 c6 7. c4 Nbd7 8. 0-0 Qa5 9. Nb3 Qd8 10. c5 d5 11. Ng5 Nf8 12. Nd2 Ne6 13. Nxe6 Bxe6 14. Nf3 Nd7 15. b4 a6 16. a4 h6 17. b5 axb5 18. axb5 0-0 19. Qb3 g5 20. Bg3 Qc8 21. Rfb1 f4 22. exf4 gxf4 23. Bh4 Bg4 24. Rxa8 Qxa8 25. bxc6 bxc6 26. Bxe7 Re8 27. Bd6 Bxf3 28. gxf3 Bxd4 29. Qb7 Qxb7 30. Rxb7 Nxc5 31. Bxc5 Bxc5 32. Rc7 Re6 33. Bf5 Rf6 34. Bd7 d4 35. Bxc6 Bb6 36. Bd5+ Kf8 37. Rc8+ Ke7 38. Be4 Kd6 39. Rc6+ Ke7 40. Rc8 Rd6 41. Rh8 d3 42. Rh7+ Kd8 43. Rh8+ Kc7 44. Rh7+ Kb8 45. Rh8+ Kc7 46. Rh7+ Kc8 47. Rh8+ Bd8 48. Bf5+ Kc7 49. Rh7+ Kb6 50. Bxd3 Rxd3 51. Rxh6+ Kc5 52. Kg2 Kd5 53. h4 Ke5 54. h5 Bg5 55. Rg6 Kf5 56. Rb6 Rd8 57. Rb5+ Kf6 58. Rb6+ Kf7 59. Rb5 Bh6 60. Kh3 Rd2 61. Kg2 Kg7 62. Rb6 Kh7 63. Rg6 Rd5 64. Re6 Rxh5 65. Re7+ Bg7 66. Re4 Rf5 67. Kf1 Kg6 68. Ke2 Kg5 69. Re7 Re5+ 0-1

[Event "Panama City Chess Rumble op"]
[Site "Panama City"]
[Date "2017.11.04"]
[Round "5"]
[White "Leon Archibaldo, Orlando Andres"]
[Black "Herrera Ortega, German"]
[Result "1-0"]
[WhiteElo "2183"]
[BlackElo "2089"]
[PlyCount "89"]
[EventDate "2017.11.04"]
[EventType "game (blitz)"]
[EventRounds "9"]
[EventCountry "PAN"]
[SourceTitle "CBM 181 Extra"]
[Source "ChessBase"]
[SourceDate "2017.12.12"]
[SourceVersion "1"]
[SourceVersionDate "2017.12.12"]
[SourceQuality "1"]

1. e4 e6 2. d4 d5 3. Nc3 Nf6 4. e5 Nfd7 5. f4 c5 6. Nf3 Nc6 7. Be3 a6 8. Qd2 b5 9. a3 Bb7 10. Qf2 cxd4 11. Nxd4 Nxd4 12. Bxd4 Qc7 13. Bd3 Bc5 14. 0-0 Bxd4 15. Qxd4 Qc5 16. Ne2 Ke7 17. Qxc5+ Nxc5 18. Nd4 g6 19. Kf2 h5 20. h4 Rac8 21. Ke3 Na4 22. Rab1 Nb6 23. b3 Nd7 24. b4 Nb6 25. Ke2 Na4 26. Kd2 Rc3 27. Rb3 Rhc8 28. Rxc3 Rxc3 29. Nb3 Rc7 30. Rg1 Nb2 31. Nc5 Nc4+ 32. Bxc4 dxc4 33. a4 a5 34. c3 bxa4 35. g3 axb4 36. cxb4 Bc6 37. Kc3 a3 38. Ra1 Ra7 39. Kxc4 Bd5+ 40. Kb5 a2 41. Na6 Kd7 42. Kb6 Rb7+ 43. Kc5 Ke7 44. b5 Kd7 45. b6 1-0

[Event "VEN-ch qual 2nd Cojedes"]
[Site "San Carlos"]
[Date "2014.08.16"]
[Round "6"]
[White "Rodriguez Alvarez, Vidal Hely"]
[Black "Herrera Ortega, German"]
[Result "1-0"]
[WhiteElo "2153"]
[BlackElo "2100"]
[PlyCount "111"]
[EventDate "2014.08.14"]
[EventType "swiss"]
[EventRounds "7"]
[EventCountry "VEN"]
[SourceTitle "EXT 2018"]
[Source "ChessBase"]
[SourceDate "2017.10.13"]
[SourceVersion "1"]
[SourceVersionDate "2017.10.13"]
[SourceQuality "1"]

1. Nf3 d5 2. c4 e6 3. d4 Nf6 4. Nc3 dxc4 5. e4 b5 6. e5 b4 7. exf6 bxc3 8. fxg7 Bxg7 9. bxc3 c5 10. Bxc4 cxd4 11. cxd4 0-0 12. 0-0 Qc7 13. Bb3 Ba6 14. Re1 Nc6 15. Be3 Nb4 16. Rc1 Qd6 17. Ne5 Bxe5 18. dxe5 Qxd1 19. Rexd1 Nd3 20. Rc7 Nxe5 21. Bxa7 Rac8 22. Rdc1 Rxc7 23. Rxc7 Rc8 24. Rxc8+ Bxc8 25. Kf1 Ba6+ 26. Ke1 Kf8 27. h4 Ke7 28. Kd2 Kd7 29. Kc3 Nc6 30. Bc5 Bf1 31. g3 Kc7 32. a4 Na5 33. Bc2 f5 34. g4 Bh3 35. g5 Bg4 36. f4 Nc6 37. Bd4 Ne7 38. Kc4 Kc6 39. Be5 Ng6 40. Bb3 Nxh4 41. Kb4 Kd7 42. a5 Ng6 43. Ba4+ Kc8 44. Bd6 Bf3 45. Kc5 Kb7 46. Bb5 Nh8 47. a6+ Ka7 48. Bc7 Ng6 49. Bc4 Be4 50. Be5 Ne7 51. Kd6 Bd5 52. Bxd5 Nxd5 53. Kxe6 Nb4 54. Kxf5 Kxa6 55. Kf6 Kb7 56. Kg7 1-0

[Event "San Cristobal Bolivar op 1st"]
[Site "San Cristobal"]
[Date "2012.09.29"]
[Round "8"]
[White "Herrera Ortega, German"]
[Black "Suarez, Richard"]
[Result "1-0"]
[WhiteElo "2134"]
[BlackElo "1954"]
[PlyCount "41"]
[EventDate "2012.09.25"]
[EventType "swiss"]
[EventRounds "10"]
[EventCountry "VEN"]
[SourceTitle "EXT 2013"]
[Source "ChessBase"]
[SourceDate "2012.11.22"]
[SourceVersion "1"]
[SourceVersionDate "2012.11.22"]
[SourceQuality "1"]

1. d4 Nf6 2. c4 g6 3. Nc3 Bg7 4. e4 d6 5. f4 0-0 6. Nf3 Na6 7. Be2 e5 8. dxe5 dxe5 9. Qxd8 Rxd8 10. Nxe5 Re8 11. Bf3 Nxe4 12. Nxe4 f6 13. Nxf6+ Bxf6 14. 0-0 Bxe5 15. fxe5 Rxe5 16. Bd5+ Kh8 17. Bd2 Rxd5 18. cxd5 Bf5 19. Bc3+ Kg8 20. Rfe1 Rd8 21. Re7 1-0

[Event "Porlamar 2nd"]
[Site "Porlamar"]
[Date "2011.06.02"]
[Round "2"]
[White "Zambrano, Kevin Alexander"]
[Black "Herrera Ortega, German"]
[Result "1-0"]
[WhiteElo "2155"]
[BlackElo "2137"]
[PlyCount "89"]
[EventDate "2011.06.01"]
[EventType "tourn"]
[EventRounds "9"]
[EventCountry "VEN"]
[SourceTitle "EXT 2013"]
[Source "ChessBase"]
[SourceDate "2012.11.22"]
[SourceVersion "1"]
[SourceVersionDate "2012.11.22"]
[SourceQuality "1"]

1. d4 Nf6 2. Nf3 e6 3. Bg5 c5 4. c3 Nc6 5. e3 Be7 6. Bd3 cxd4 7. exd4 Nd5 8. Bc1 Qc7 9. 0-0 0-0 10. Re1 f5 11. c4 Nf4 12. Bf1 Bb4 13. Re3 d5 14. a3 Bd6 15. Nc3 Qf7 16. g3 Nh5 17. Ng5 Qg6 18. Nxe6 Rf6 19. Be2 f4 20. Bxh5 fxe3 21. Bxe3 Qf5 22. cxd5 Bxe6 23. dxe6 Ne7 24. Bg4 Qg6 25. d5 a6 26. Bf3 Raf8 27. Bg2 h5 28. Ne4 Nf5 29. Nxd6 Nxd6 30. Bc5 Rd8 31. Qe2 Nf5 32. Re1 h4 33. g4 h3 34. Be4 Qg5 35. f4 Qxf4 36. gxf5 Rc8 37. e7 Qg5+ 38. Kh1 Kf7 39. d6 Rxc5 40. Bd5+ Ke8 41. d7+ Kxd7 42. e8Q+ Kc7 43. Q2e7+ Kb6 44. Q8d8+ Kb5 45. Qxb7+ 1-0